skbl

Dr Suryya Kumar Bhuyan Library Web-OPAC
ডঃ সূৰ্য্য
কুমাৰ ভূঞা পুথিভঁৰাল ৱেব-অ'পেক

All Research Scholars are advised to clear the annual library fees to continue using Library Resources, Remote Access, Plagiarism Test and Library Clearance.

Cotton University Book Fair 2026

Organic Chemistry of Natural Products / (Record no. 5182)

MARC details
000 -LEADER
fixed length control field 00794nam a2200241Ia 4500
001 - CONTROL NUMBER
control field 5195
008 - FIXED-LENGTH DATA ELEMENTS--GENERAL INFORMATION
fixed length control field 150430s1985 ii a g b000 u 465 u
082 ## - DEWEY DECIMAL CLASSIFICATION NUMBER
Classification number 547.7
100 ## - MAIN ENTRY--PERSONAL NAME
Personal name Chatwal, Gurdeep R..
245 #0 - TITLE STATEMENT
Title Organic Chemistry of Natural Products /
Statement of responsibility, etc. Gurdeep R. Chatwal.
Medium Textual Documents
250 ## - EDITION STATEMENT
Edition statement 2nd rev ed. /
260 ## - PUBLICATION, DISTRIBUTION, ETC.
Place of publication, distribution, etc. Bombay :
Name of publisher, distributor, etc. Himalaya Publishing ,
Date of publication, distribution, etc. 1985.
300 ## - PHYSICAL DESCRIPTION
Extent viii, 629p. :
Other physical details ill. ;
Dimensions 22cm .
500 ## - GENERAL NOTE
General note Edited by M. Arora
653 ## - INDEX TERM--UNCONTROLLED
Uncontrolled term Organic Chemistry of Natural Products
653 ## - INDEX TERM--UNCONTROLLED
Uncontrolled term Natural Products
653 ## - INDEX TERM--UNCONTROLLED
Uncontrolled term PG-Chemistry
653 ## - INDEX TERM--UNCONTROLLED
Uncontrolled term Organic Chemistry of Natural Products
653 ## - INDEX TERM--UNCONTROLLED
Uncontrolled term G -Che
653 ## - INDEX TERM--UNCONTROLLED
Uncontrolled term G - Che
856 ## - ELECTRONIC LOCATION AND ACCESS
Uniform Resource Identifier <a href="Acc no- 83949,83947 Organic Chemistry of Natural Products Shifted From PG Sec To General Sec">Acc no- 83949,83947 Organic Chemistry of Natural Products Shifted From PG Sec To General Sec</a>
942 ## - ADDED ENTRY ELEMENTS (KOHA)
Source of classification or shelving scheme Dewey Decimal Classification
Koha item type Books
Holdings
Withdrawn status Lost status Damaged status Not for loan Home library Current library Shelving location Date acquired Coded location qualifier Total checkouts Full call number Barcode Date last seen Copy number Price effective from Koha item type Collection
        Dr. Suryya Kumar Bhuyan Library Dr. Suryya Kumar Bhuyan Library   01/02/2012 00000   547.7 C 39 Or 83949 13/01/2024 2 01/02/2012 Books  
        Dr. Suryya Kumar Bhuyan Library Dr. Suryya Kumar Bhuyan Library   01/02/2012 00000   547.7 C 39 Or 83947 13/01/2024 1 01/02/2012 Books  

Designed and Maintained by Team SKBL
©1901-2026

Powered by Koha